Survival analysis /

Bibliographic Details
Main Author: Miller, Rupert G.
Other Authors: Gong, Gail, Muñoz, Alvaro
Format: Book
Language:English
Published: New York : Wiley, [1981]
Series:Wiley series in probability and mathematical statistics. Applied probability and statistics.
Subjects:

MARC

Tag First Indicator Second Indicator Subfields
LEADER 00000cam a22000008a 4500
001 in00000078746
005 20151008053917.0
008 810319s1981 nyua b 00110 eng
010 |a  81004437  
020 |a 047109434X 
035 |a (OCoLC)07307242 
035 |9 AAH9038AM 
039 0 |a 2  |b 3  |c 3  |d 3  |e 3 
040 |a DLC  |c DLC  |d TXA  |d UtOrBLW 
049 |a TXAM  |c [1803373] 
050 0 0 |a QA273  |b .M552 
082 0 |a 519.2  |2 19 
100 1 |a Miller, Rupert G. 
245 1 0 |a Survival analysis /  |c Rupert G. Miller, Jr. ; notes by Gail Gong ; problem solutions by Alvaro Munoz. 
263 |a 8111 
264 1 |a New York :  |b Wiley,  |c [1981] 
264 4 |c ©1981 
300 |a xi, 238 pages :  |b illustrations ;  |c 23 cm. 
336 |a text  |b txt  |2 rdacontent 
337 |a unmediated  |b n  |2 rdamedia 
338 |a volume  |b nc  |2 rdacarrier 
490 1 |a Wiley series in probability and mathematical statistics. Applied probability and statistics 
504 |a Includes bibliographical references and index. 
650 0 |a Failure time data analysis. 
700 1 |a Gong, Gail. 
700 1 |a Muñoz, Alvaro. 
830 0 |a Wiley series in probability and mathematical statistics.  |p Applied probability and statistics. 
999 |a MARS 
999 f f |s 051c862f-2bc7-336a-878f-7702bd4dff0e  |i d9ba90de-9469-3ade-a5d2-4d202d557b30  |t 0 
952 f f |p normal  |a Texas A&M University  |b College Station  |c Sterling C. Evans Library  |d Evans: Library Stacks  |t 0  |e QA273 .M552  |h Library of Congress classification  |i unmediated -- volume  |m A14806203865 
998 f f |a QA273 .M552  |t 0  |l Evans: Library Stacks